| 000 | 00394nam a22001217a 4500 | ||
|---|---|---|---|
| 999 |
_c5070 _d235574 |
||
| 080 | _a331.27 B 454 | ||
| 245 |
_aHonorarios de Abogados y Procuradores; _bley 8904, comentada y concordada con la: ley 21839 |
||
| 260 |
_aLa Plata: _bLibreria Editora Platense _c1979 |
||
| 300 | _a354 P. | ||
| 650 |
_xhonorarios _xley 8904 _xley 21389 _xconvenio de honorarios |
||
| 945 |
_acd _d2019-09-24 |
||
| 942 | _6_ | ||